Queens Of The Stone Age (my top 10 favourites) - Statistics

General Stats
  • This quiz has been taken 27 times
  • The average score is 6 of 10
Answer Stats
Hint Answer % Correct
(Songs For The Deaf) "heaven smiles above me" no one knows
95%
(Songs For The Deaf) "little soldiers in a row" go with the flow
80%
(Lullabies To Paralyze) "you whisper secrets in my ear" little sister
80%
(Like Clockwork) "instead im the lonely one" i sat by the ocean
70%
(Era Vulgaris) "is what i wanna do, anytime anywhere" make it wit chu
70%
(Songs For The Deaf) "you and me fit so tight" do it again
50%
(Songs For The Deaf) "come a little bit closer" song for the dead
50%
(Songs For The Deaf) "space trucking, four on the floor" you think i aint worth a dollar, but i feel like a millionaire
45%
(Lullabies To Paralyze) "a revelation from a gun" medication
40%
(Rated R) "im feeling so sick" tension head
30%
No matching quizzes found
Score Distribution
Percent of People with Each Score
Percentile by Number Answered
Your Score History
You have not taken this quiz